书目信息 |
| 题名: |
凯迪克
|
|
| 作者: | 布莱克博恩, 著 ;凯迪克 , 陈丹丹 , 黄雪琴 插图 | |
| 分册: | ||
| 出版信息: | 武汉 湖北美术出版社 2021.10 |
|
| 页数: | 251页 | |
| 开本: | 21cm | |
| 丛书名: | 盖博瓦丛书 | |
| 单 册: | ||
| 中图分类: | J205.561 | |
| 科图分类: | ||
| 主题词: | 绘画评论--hui hua ping lun--英国--近代 | |
| 电子资源: | ||
| ISBN: | 978-7-5712-0863-9 | |
| 000 | 01482nam 2200301 450 | |
| 001 | 27366 | |
| 005 | 20220921133932.43 | |
| 010 | @a978-7-5712-0863-9@b精装@dCNY48.00 | |
| 100 | @a20220126d2021 em y0chiy50 ea | |
| 101 | 1 | @achi@ceng |
| 102 | @aCN@b420000 | |
| 105 | @aa z 000yy | |
| 200 | 1 | @a凯迪克@Akai di ke@e绘本之父的诞生@f(英) 亨利·布莱克博恩著@g(英) 伦道夫·凯迪克插图@g陈丹丹, 黄雪琴译 |
| 210 | @a武汉@c湖北美术出版社@d2021.10 | |
| 215 | @a251页@c图@d21cm | |
| 225 | 2 | @a盖博瓦丛书@Agai bo wa cong shu |
| 330 | @a伦道夫·凯迪克以《图画书系列》闻名于世, 对后世的绘本、图画书创作产生了深远影响。本书讲述了他早期艺术生涯的。从他在曼彻斯特做银行职员开始, 到前往伦敦、不断练习、创作完成艺术梦想, 再到他前往欧洲大陆、回归乡村寻找灵感, 成功为许多文学作品创作插画等种种经历。书中摘选了凯迪克与友人往来的书信, 这些书信均出自凯迪克亲笔, 充分彰显了画家的个人魅力, 其文学价值不可低估。书中大量插入了凯迪克的一些有代表性的早期创作, 总计172幅。 | |
| 410 | 0 | @12001 @a盖博瓦丛书 |
| 517 | 1 | @a绘本之父的诞生@Ahui ben zhi fu de dan sheng |
| 600 | 1 | @a凯迪克@Akai di ke@g(Caldecott, Randolph J.,)@f1846-1886@x绘画评论 |
| 606 | 0 | @a绘画评论@Ahui hua ping lun@y英国@z近代 |
| 690 | @aJ205.561@v5 | |
| 701 | 1 | @a布莱克博恩,@Abu lai ke bo en@b亨利@4著 |
| 702 | 1 | @a凯迪克@Akai di ke@g(Caldecott, Randolph J.)@4插图 |
| 702 | 0 | @a陈丹丹@Achen dan dan@4译 |
| 702 | 0 | @a黄雪琴@Ahuang xue qin@4译 |
| 801 | 0 | @aCN@c20220910 |
| 905 | @a河南城建学院图书馆@dJ205.561@eB982@f2 | |
| 凯迪克:绘本之父的诞生/(英) 亨利·布莱克博恩著/(英) 伦道夫·凯迪克插图/陈丹丹, 黄雪琴译.-武汉:湖北美术出版社,2021.10 |
| 251页:图;21cm.-(盖博瓦丛书) |
| ISBN 978-7-5712-0863-9(精装):CNY48.00 |
| 伦道夫·凯迪克以《图画书系列》闻名于世, 对后世的绘本、图画书创作产生了深远影响。本书讲述了他早期艺术生涯的。从他在曼彻斯特做银行职员开始, 到前往伦敦、不断练习、创作完成艺术梦想, 再到他前往欧洲大陆、回归乡村寻找灵感, 成功为许多文学作品创作插画等种种经历。书中摘选了凯迪克与友人往来的书信, 这些书信均出自凯迪克亲笔, 充分彰显了画家的个人魅力, 其文学价值不可低估。书中大量插入了凯迪克的一些有代表性的早期创作, 总计172幅。 |
| ● |
| 相关链接 |
|
|
|
正题名:凯迪克
索取号:J205.561/B982
 
预约/预借
| 序号 | 登录号 | 条形码 | 馆藏地/架位号 | 状态 | 备注 |
| 1 | 1579389 | 215793899 | 社科库309/309社科库 67排2列4层/ [索取号:J205.561/B982] | 在馆 | |
| 2 | 1579390 | 215793906 | 社科库309/309社科库 67排2列4层/ [索取号:J205.561/B982] | 在馆 |